| 000 | 00449nam a22001937a 4500 | ||
|---|---|---|---|
| 003 | OSt | ||
| 005 | 20180116183022.0 | ||
| 008 | 151126b xxu||||| |||| 00| 0 eng d | ||
| 020 | _a0 | ||
| 040 | _c0 | ||
| 082 | _a813.54 MOR 1975 | ||
| 100 | _aDavid Morrell | ||
| 245 |
_aTestament _cDavid Morrell |
||
| 260 |
_aUSA _bGrim and grippimg _c1975 |
||
| 300 |
_a302 p. _bPB. |
||
| 440 | _aTestament | ||
| 600 | _aDavid Morrell | ||
| 942 |
_2ddc _cBK |
||
| 999 |
_c350633 _d350633 |
||